000 02685nam a22003257a 4500
005 20080926102322.0
008 080926t xxu||||| |||| 00| h pnb d
010 _aPNB-6284
020 _c80.00
_a978812375088x
035 _aPN-5402
037 _bDBAD / PUB ਨੈਸ਼ਨਲ ਬੁਕ ਟਰੱਸਟ
040 _aDPL
_bPN
082 _a796
100 _aਸਰਵਣ ਸਿੰਘ
245 _aਪੰਜਾਬ ਦੇ ਚੌਣਵੇੰ ਖਿਡਾਰੀ /
_bਸਰਵਣ ਸਿੰਘ
246 _aPunjab De Chonwen Khidari
_bby Sarwan Singh
260 _aਨਵੀੰ ਦਿੱਲੀ
_bਨੈਸ਼ਨਲ ਬੁਕ ਟਰੱਸਟ
_c2007
270 _aਏ -5, ਗਰੀਨ ਪਾਰਕ
_bਨਵੀੰ ਦਿੱਲੀ
_e110016
300 _axii, 279 ਪੰ
_c22 ਸੇਮੀ (ਅਜਿਲ੍ਦ )
650 _aPunjab Sports Personalities
650 _aਪੰਜਾਬ ਦੇ ਚੌਣਵੇ ਖਿਡਾਰੀ
942 _2ddc
_cPN
_mਸਰਵ
_h796
999 _c19534
_d19534